[Event "4. Wittelsbacher Weihnachts-Schach-Open"]
[Site "Kelheim"]
[Date "2015.12.28"]
[Round "3.50"]
[White "Santl, Anton"]
[Black "Urban, Rudolf"]
[Result "1/2-1/2"]
[WhiteElo "1969"]
[BlackElo "1871"]
[PlyCount "24"]
[EventDate "2015.??.??"]
[WhiteTeam "SU München"]
[BlackTeam "SC Roter Turm Altstadt"]

1. e4 e5 2. Nf3 Nc6 3. Bb5 Nf6 4. O-O Nxe4 5. d4 Nd6 6. Bxc6 dxc6 7. dxe5 Nf5
8. Qxd8+ Kxd8 9. Rd1+ Ke8 10. h3 Be6 11. Nc3 Rd8 12. Bg5 Be7 1/2-1/2

[Event "4. Wittelsbacher Weihnachts-Schach-Open"]
[Site "Kelheim"]
[Date "2015.12.28"]
[Round "3.51"]
[White "Müller, Johannes"]
[Black "Baedorf, Robert"]
[Result "1-0"]
[WhiteElo "1982"]
[BlackElo "1697"]
[PlyCount "81"]
[EventDate "2015.??.??"]
[WhiteTeam "SK Kelheim"]
[BlackTeam "SF Illingen"]

1. d4 d5 2. c4 c6 3. Nf3 Nf6 4. Nc3 Bf5 5. cxd5 cxd5 6. Qb3 Bc8 7. Bg5 e6 8. e3
Be7 9. Bd3 O-O 10. O-O h6 11. Bh4 Nc6 12. Rfc1 a6 13. h3 Re8 14. Na4 Na5 15.
Qb6 Nd7 16. Bxe7 Qxb6 17. Nxb6 Nxb6 18. Bh4 Nc6 19. Bg3 Nd7 20. a3 Nf6 21. Ne5
Nxe5 22. Bxe5 Bd7 23. f3 Bc6 24. b4 Rec8 25. a4 Be8 26. b5 axb5 27. axb5 Rxa1
28. Rxa1 Nd7 29. Bd6 Nb6 30. Ra7 Nc4 31. Bxc4 dxc4 32. Rxb7 c3 33. Ba3 c2 34.
Bc1 f6 35. Kf2 Bf7 36. b6 Kf8 37. Rc7 Rb8 38. b7 Be8 39. Ke1 g6 40. Kd2 e5 41.
d5 1-0

[Event "4. Wittelsbacher Weihnachts-Schach-Open"]
[Site "Kelheim"]
[Date "2015.12.28"]
[Round "3.52"]
[White "Voigt, Tobias"]
[Black "Brack, Johannes"]
[Result "0-1"]
[WhiteElo "1594"]
[BlackElo "1940"]
[PlyCount "72"]
[EventDate "2015.??.??"]
[WhiteTeam "SK München Südost"]
[BlackTeam "Regensburger Turnerschaft"]

1. d4 Nf6 2. Bf4 g6 3. e3 Bg7 4. Nf3 O-O 5. Nbd2 d6 6. Be2 Nbd7 7. h3 c5 8. c3
b6 9. O-O Bb7 10. Bh2 Rc8 11. Rc1 Qc7 12. b3 Qb8 13. c4 e6 14. a3 Rfd8 15. dxc5
Nxc5 16. b4 Nce4 17. Nxe4 Nxe4 18. Nd2 Bb2 19. Rb1 Nc3 20. Qe1 Nxb1 21. Qxb1
Bg7 22. Rc1 Qa8 23. Bf3 d5 24. Bg3 dxc4 25. Bxb7 Qxb7 26. Ne4 Qd5 27. Bh4 Rd7
28. Bf6 e5 29. Nc3 Qe6 30. Bxg7 Kxg7 31. Qa2 Rd3 32. Ne4 f5 33. Nd2 Qd5 34. Nb1
Rd1+ 35. Rxd1 Qxd1+ 36. Kh2 Qd3 0-1

[Event "4. Wittelsbacher Weihnachts-Schach-Open"]
[Site "Kelheim"]
[Date "2015.12.28"]
[Round "3.53"]
[White "Timar-Geng, Zoltan"]
[Black "Hirn, Thomas"]
[Result "1-0"]
[WhiteElo "1929"]
[BlackElo "1771"]
[PlyCount "41"]
[EventDate "2015.??.??"]
[WhiteTeam "SV Lingen"]
[BlackTeam "TuS Fürstenfeldbruck"]

1. d4 Nf6 2. c4 g6 3. g3 d6 4. Bg2 Bg7 5. Nf3 Nbd7 6. O-O O-O 7. Nc3 c6 8. h3
Re8 9. e4 e5 10. Re1 Rb8 11. Be3 a6 12. Qd2 b5 13. cxb5 cxb5 14. Rac1 b4 15.
Na4 Nxe4 16. Qc2 Nef6 17. dxe5 Nxe5 18. Ba7 Bf5 19. Qc6 Re6 20. Qc4 Rc8 21.
Qxc8 1-0

[Event "4. Wittelsbacher Weihnachts-Schach-Open"]
[Site "Kelheim"]
[Date "2015.12.28"]
[Round "3.54"]
[White "Loebel, Petra"]
[Black "Moseler, Thomas"]
[Result "1/2-1/2"]
[WhiteElo "1852"]
[BlackElo "1628"]
[PlyCount "34"]
[EventDate "2015.??.??"]
[WhiteTeam "SC Noris-Tarrasch Nürnberg"]
[BlackTeam "SK Lister Turm"]

1. e4 e5 2. Bc4 Nf6 3. Nc3 Nc6 4. d3 Bc5 5. f4 d6 6. h3 Na5 7. Bb3 Nxb3 8. axb3
a6 9. f5 h6 10. Qf3 Bd7 11. g4 Bc6 12. Na4 Bxg1 13. Rxg1 d5 14. exd5 Qxd5 15.
Qxd5 Nxd5 16. Nc3 O-O-O 17. Nxd5 Rxd5 1/2-1/2

[Event "4. Wittelsbacher Weihnachts-Schach-Open"]
[Site "Kelheim"]
[Date "2015.12.28"]
[Round "3.55"]
[White "Ponomarev, Maximilian"]
[Black "Broszeit, Peter"]
[Result "0-1"]
[WhiteElo "1253"]
[BlackElo "2012"]
[PlyCount "40"]
[EventDate "2015.??.??"]
[WhiteTeam "SC Tarrasch München"]
[BlackTeam "SV Erkenschwick"]

1. e4 e5 2. Nf3 Nc6 3. Bb5 a6 4. Bxc6 dxc6 5. O-O Bd6 6. d4 Bg4 7. c3 Qd7 8.
Qd3 f6 9. h3 Be6 10. Rd1 O-O-O 11. dxe5 fxe5 12. Bg5 Nf6 13. Nbd2 Qf7 14. a4 h6
15. Bh4 g5 16. Bg3 g4 17. hxg4 Nxg4 18. Qe2 c5 19. Nh2 h5 20. Ndf3 h4 0-1

[Event "4. Wittelsbacher Weihnachts-Schach-Open"]
[Site "Kelheim"]
[Date "2015.12.28"]
[Round "3.57"]
[White "Klarl, Wolfgang"]
[Black "Huchler, Stefan"]
[Result "1-0"]
[WhiteElo "1942"]
[BlackElo "1595"]
[PlyCount "55"]
[EventDate "2015.??.??"]
[WhiteTeam "SK Kelheim"]
[BlackTeam "Hohenems"]

1. f4 d5 2. b3 Bf5 3. Bb2 e6 4. Nf3 Nf6 5. e3 Bg4 6. Be2 Bxf3 7. Bxf3 Nbd7 8.
O-O Bc5 9. Kh1 Qe7 10. Qe2 a6 11. d4 Bd6 12. Nd2 O-O-O 13. c4 Bb4 14. Nb1 h5
15. a3 Ba5 16. b4 Bb6 17. c5 Ba7 18. a4 Bxc5 19. bxc5 c6 20. Nd2 h4 21. Bc3
Rdg8 22. Nb3 Nb8 23. Rab1 g5 24. fxg5 Rxg5 25. Na5 Ne4 26. Bxe4 dxe4 27. Nxb7
Rhg8 28. Nd6+ 1-0

[Event "4. Wittelsbacher Weihnachts-Schach-Open"]
[Site "Kelheim"]
[Date "2015.12.28"]
[Round "3.58"]
[White "Frei, Robert"]
[Black "Weindl, Robert"]
[Result "1-0"]
[WhiteElo "1892"]
[BlackElo "1269"]
[PlyCount "101"]
[EventDate "2015.??.??"]
[WhiteTeam "TSV Mindelheim"]
[BlackTeam "SK Landshut"]

1. d4 e6 2. Nf3 c5 3. c3 Nc6 4. Bf4 cxd4 5. Nxd4 Qb6 6. Nb3 Nf6 7. N1d2 d5 8.
Nf3 Nh5 9. Be3 Qc7 10. Qd2 b6 11. g3 Nf6 12. Rd1 Bb7 13. Bg2 h6 14. O-O Be7 15.
h3 g5 16. Nbd4 Ne4 17. Qc1 Bf6 18. a4 Na5 19. Nb5 Qe7 20. Nfd4 O-O 21. Nc2 Nb3
22. Qb1 a6 23. Ncd4 Nxd4 24. Nxd4 Bxd4 25. Bxd4 Nc5 26. Qa2 b5 27. Qa3 Rfc8 28.
Qb4 bxa4 29. Ra1 a5 30. Bxc5 Qxc5 31. Qxb7 Rab8 32. Qa6 Rxb2 33. Rxa4 Qxc3 34.
Rxa5 Rxe2 35. Qxe2 Qxa5 36. Qh5 Kg7 37. h4 d4 38. hxg5 Qxg5 39. Qd1 Rd8 40. Qd3
h5 41. Qe4 Qg4 42. Qd3 Qg5 43. Re1 Qa5 44. Rd1 Qg5 45. Rd2 h4 46. gxh4 Qxh4 47.
Qf3 Qg5 48. Rd1 Qg6 49. Qf4 d3 50. Kf1 d2 51. Bf3 {Andauernd Fehler, insgesamt
71 Züge} 1-0

[Event "4. Wittelsbacher Weihnachts-Schach-Open"]
[Site "Kelheim"]
[Date "2015.12.28"]
[Round "3.59"]
[White "Lohr, Maximilian"]
[Black "Simon, Günther"]
[Result "0-1"]
[WhiteElo "1383"]
[BlackElo "1901"]
[PlyCount "74"]
[EventDate "2015.??.??"]
[WhiteTeam "TSV Mainburg"]
[BlackTeam "Regensburger Turnerschaft"]

1. e4 d6 2. d4 Nf6 3. Nc3 g6 4. Nf3 Bg7 5. Bc4 c6 6. Bb3 O-O 7. Bf4 Nh5 8. Bg3
Nd7 9. O-O Qc7 10. Qd2 Nxg3 11. fxg3 e6 12. d5 cxd5 13. exd5 e5 14. Kh1 Nc5 15.
Bc4 a6 16. a4 h6 17. Be2 f5 18. Rae1 Bd7 19. b3 Rac8 20. Nh4 Kh7 21. Bc4 e4 22.
g4 b5 23. axb5 axb5 24. Nxb5 Bxb5 25. Bxb5 f4 26. Rxf4 Rxf4 27. Qxf4 Rf8 28.
Qe3 Qe7 29. g3 Bf6 30. Nf3 Qb7 31. Bc6 Qb4 32. Nd2 Bg5 33. Qe2 Qxd2 34. Qxd2
Bxd2 35. Re2 e3 36. Kg2 Ne4 37. Bb7 Nc3 0-1

[Event "4. Wittelsbacher Weihnachts-Schach-Open"]
[Site "Kelheim"]
[Date "2015.12.28"]
[Round "3.60"]
[White "Hildenbrand, Andreas"]
[Black "Butenandt, Svenja"]
[Result "1-0"]
[WhiteElo "1828"]
[BlackElo "1419"]
[PlyCount "120"]
[EventDate "2015.??.??"]
[WhiteTeam "SK Garmisch-Partenkirch."]
[BlackTeam "TV Tegernsee"]

1. e4 c5 2. f4 g6 3. Nf3 e6 4. Bc4 Bg7 5. O-O Nc6 6. a3 b6 7. d3 Bb7 8. f5 Nge7
9. fxe6 dxe6 10. Ng5 O-O 11. Qf3 Nd4 12. Qh3 h6 13. Nf3 Nxf3+ 14. Rxf3 h5 15.
Nc3 Nc6 16. Ba2 Ne5 17. Rf1 Ng4 18. Qf3 Bd4+ 19. Kh1 Qh4 20. Bf4 f5 21. Bxe6+
Kg7 22. Bg3 Qe7 23. Bd5 fxe4 24. Qxe4 Qxe4 25. dxe4 Bxd5 26. exd5 Ne3 27. Rxf8
Rxf8 28. d6 Nxc2 29. Rd1 Ne3 30. Re1 Rf1+ 31. Rxf1 Nxf1 32. Bf4 Kf7 33. Nd1 Ke6
34. g3 Ne3 35. Nxe3 Bxb2 36. Nc4 Bf6 37. Kg2 b5 38. Na5 g5 39. Be3 Kxd6 40.
Nb7+ Kc6 41. Nxc5 Be7 42. Ne4 Bxa3 43. Bxa7 b4 44. Nd2 Kb5 45. Kf3 Ka4 46. Bc5
Bc1 47. Ke2 b3 48. Kd1 b2 49. Nb1 Kb3 50. Bf2 g4 51. Bd4 Bg5 52. Ke2 Kc2 53.
Na3+ Kc1 54. Bxb2+ Kxb2 55. Nc4+ Kc3 56. Nd6 h4 57. Ne4+ Kd4 58. Nxg5 hxg3 59.
hxg3 Ke5 60. Ke3 Kf5 1-0

[Event "4. Wittelsbacher Weihnachts-Schach-Open"]
[Site "Kelheim"]
[Date "2015.12.28"]
[Round "3.61"]
[White "Guckes, Simon"]
[Black "Brack, André"]
[Result "0-1"]
[WhiteElo "1584"]
[BlackElo "1832"]
[PlyCount "94"]
[EventDate "2015.??.??"]
[WhiteTeam "SV Worms"]
[BlackTeam "Regensburger Turnerschaft"]

1. e4 c5 2. Nf3 a6 3. c3 d6 4. d4 cxd4 5. cxd4 Nf6 6. Nc3 e6 7. Bg5 Be7 8. Be2
b5 9. a3 O-O 10. O-O Bb7 11. Qd3 d5 12. Bxf6 dxe4 13. Nxe4 Bxf6 14. Nxf6+ Qxf6
15. Ne5 Rd8 16. Bf3 Bxf3 17. Qxf3 Qxf3 18. Nxf3 Nc6 19. Rfd1 Rd5 20. Rac1 Rd6
21. h3 Rad8 22. b4 f6 23. Re1 Kf7 24. Rc5 R8d7 25. g4 Nxd4 26. Nxd4 Rxd4 27.
Rc6 R4d6 28. Rec1 Ke7 29. Kg2 g6 30. Rxd6 Kxd6 31. Rc3 Rc7 32. Rxc7 Kxc7 33.
Kf3 Kb6 34. Ke3 a5 35. Kd4 axb4 36. axb4 Kc6 37. f3 e5+ 38. Ke4 Kd6 39. h4 Ke6
40. h5 f5+ 41. Ke3 gxh5 42. gxh5 Kf6 43. f4 exf4+ 44. Kxf4 h6 45. Kf3 Kg5 46.
Kg3 Kxh5 47. Kf3 Kg6 0-1

[Event "4. Wittelsbacher Weihnachts-Schach-Open"]
[Site "Kelheim"]
[Date "2015.12.28"]
[Round "3.62"]
[White "Lautner, Peter"]
[Black "Erdösi, Anna"]
[Result "1-0"]
[WhiteElo "1512"]
[BlackElo "1184"]
[PlyCount "61"]
[EventDate "2015.??.??"]
[WhiteTeam "SC Kreut"]
[BlackTeam "TV Tegernsee"]

1. e4 c5 2. Nf3 d6 3. d4 cxd4 4. Nxd4 Nf6 5. Nc3 g6 6. Bg5 Bg7 7. Qd2 Nc6 8.
Nxc6 bxc6 9. O-O-O Rb8 10. e5 Nh5 11. exd6 f6 12. Bh4 e5 13. h3 Bd7 14. Bc4 g5
15. Bg3 Nxg3 16. fxg3 Qb6 17. Bb3 c5 18. Qd5 Kd8 19. Qf7 Re8 20. Qxg7 c4 21.
Qxf6+ Kc8 22. Nd5 Qd8 23. Qxd8+ Rxd8 24. Bxc4 Kb7 25. Rd3 Ka8 26. Ba6 Rdc8 27.
Bxc8 Rxc8 28. Nc7+ Kb7 29. Rb3+ Kc6 30. Rd1 Rf8 31. Rc3+ 1-0

[Event "4. Wittelsbacher Weihnachts-Schach-Open"]
[Site "Kelheim"]
[Date "2015.12.28"]
[Round "3.63"]
[White "Schilay, Eva"]
[Black "Boos-Guckes, Astrid"]
[Result "1-0"]
[WhiteElo "1429"]
[BlackElo "1483"]
[PlyCount "47"]
[EventDate "2015.??.??"]
[WhiteTeam "SK Neumarkt"]
[BlackTeam "SV Worms"]

1. Nc3 d5 2. e4 dxe4 3. Nxe4 Nf6 4. Nxf6+ gxf6 5. g3 Bf5 6. Bg2 e6 7. Bxb7 Nd7
8. Bg2 Bd6 9. d3 Rb8 10. Rb1 Ne5 11. h3 Bb4+ 12. Bd2 Nxd3+ 13. cxd3 Bxd3 14.
Qa4+ Qd7 15. Bc6 Bxd2+ 16. Kd1 Bb5 17. Bxd7+ Bxd7 18. Qxa7 Ke7 19. Qc5+ Kd8 20.
Kxd2 Rb5 21. Qc3 Rd5+ 22. Ke3 Rf5 23. Nf3 Bc6 24. Qxc6 1-0

[Event "4. Wittelsbacher Weihnachts-Schach-Open"]
[Site "Kelheim"]
[Date "2015.12.28"]
[Round "3.64"]
[White "Gehrke, Jakob"]
[Black "Mosler, Ernst"]
[Result "0-1"]
[WhiteElo "1294"]
[BlackElo "1641"]
[PlyCount "136"]
[EventDate "2015.??.??"]
[WhiteTeam "TV Tegernsee"]
[BlackTeam "SV Wettstetten"]

1. e4 e5 2. Nf3 Nc6 3. Bc4 d6 4. d4 exd4 5. Nxd4 Nxd4 6. Qxd4 Qf6 7. Be3 Be6 8.
Nd2 c5 9. Bb5+ Bd7 10. Bxd7+ Kxd7 11. Qa4+ Kc7 12. c3 a6 13. O-O-O b5 14. Qa5+
Kb7 15. f3 Qd8 16. Qxd8 Rxd8 17. Nb3 Be7 18. Na5+ Kb6 19. b4 Nf6 20. Kc2 Rc8
21. Ra1 Nd7 22. Kb3 Nb8 23. c4 Nc6 24. Nxc6 Kxc6 25. cxb5+ axb5 26. Rac1 c4+
27. Kb2 Bf6+ 28. Kb1 Ra8 29. Rc2 Rhe8 30. Rhc1 Ra4 31. Bd2 Rd8 32. Re1 h5 33.
f4 Re8 34. Re3 Bd4 35. Re2 Kd7 36. Be1 g6 37. e5 dxe5 38. fxe5 Rxe5 39. Rxe5
Bxe5 40. Rd2+ Ke6 41. Re2 f6 42. Bc3 Ra7 43. Kb2 Rd7 44. Kc2 Rd5 45. a3 Kf7 46.
Bxe5 Rxe5 47. Rf2 Re3 48. Kb2 g5 49. h3 h4 50. Ka2 Ke6 51. Rc2 Kd5 52. Rd2+ Rd3
53. Rc2 Kd4 54. a4 bxa4 55. b5 Rb3 56. Rd2+ Kc5 57. b6 Rxb6 58. Ka3 Rb1 59. Rc2
Kd4 60. Ka2 Rb3 61. Rc1 c3 62. Ka1 Kd3 63. Ka2 Kd2 64. Rf1 Ke2 65. Rxf6 c2 66.
Re6+ Kd2 67. Rd6+ Kc1 68. Rc6 Rb2+ 0-1

[Event "Kelheim"]
[Site "Kelheim"]
[Date "2015.12.26"]
[Round "4.1"]
[White "Goderbauer, Josef"]
[Black "Belezky, Alexander"]
[Result "0-1"]
[WhiteElo "1857"]
[BlackElo "2463"]
[PlyCount "77"]
[EventDate "2015.??.??"]
[WhiteTeam "SC Moosburg"]
[BlackTeam "FC Bayern München"]

1. e4 c5 2. Nc3 d6 3. Bc4 Nc6 4. d3 e6 5. f4 Na5 6. Bb5+ Bd7 7. Bxd7+ Qxd7 8.
Nf3 b5 9. O-O b4 10. Nb1 Ne7 11. Qe1 Nec6 12. a3 b3 13. c3 Be7 14. f5 exf5 15.
exf5 Qxf5 16. Ng5 Qe5 17. Bf4 Qxe1 18. Rxe1 Kd7 19. Nd2 Bxg5 20. Bxg5 Rae8 21.
Bf4 d5 22. Kf2 f6 23. Rxe8 Rxe8 24. Re1 Ne5 25. Bxe5 Rxe5 26. Rxe5 fxe5 27. Kf3
Ke6 28. g4 c4 29. Ke3 Kd6 30. d4 Nc6 31. h4 Ke6 32. Nf3 h6 33. g5 h5 34. Nd2
Kf5 35. a4 e4 36. Nxc4 dxc4 37. d5 Ne5 38. d6 g6 39. Kd4 0-1

[Event "4. Wittelsbacher Weihnachts-Schach-Open"]
[Site "Kelheim"]
[Date "2015.12.26"]
[Round "4.2"]
[White "Hacker, Jonas"]
[Black "Gießmann, Stephan"]
[Result "0-1"]
[WhiteElo "2357"]
[BlackElo "2259"]
[PlyCount "42"]
[EventDate "2015.??.??"]
[WhiteTeam "SC Eppingen"]
[BlackTeam "SK Kelheim"]

1. e4 e6 2. d4 d5 3. Nc3 Bb4 4. e5 c5 5. a3 Bxc3+ 6. bxc3 Qc7 7. Qg4 f5 8. Qg3
Ne7 9. Qxg7 Rg8 10. Qxh7 cxd4 11. Ne2 Nbc6 12. f4 Bd7 13. Qh3 dxc3 14. Qxc3
O-O-O 15. Be3 d4 16. Bxd4 Nd5 17. Qd2 Be8 18. Bb2 Qb6 19. O-O-O Bh5 20. Re1
Ndb4 21. Nd4 Rxd4 0-1

[Event "4. Wittelsbacher Weihnachts-Schach-Open"]
[Site "Kelheim"]
[Date "2015.12.26"]
[Round "4.3"]
[White "Promyshlyanskyy, Vitaliy"]
[Black "Kreuzer, Helmut"]
[Result "1-0"]
[WhiteElo "2244"]
[BlackElo "2121"]
[PlyCount "59"]
[EventDate "2015.??.??"]
[WhiteTeam "SC Noris-Tarrasch Nürnberg"]
[BlackTeam "SK Kelheim"]

1. e4 d5 2. exd5 Qxd5 3. Nc3 Qd6 4. d4 Nf6 5. Nf3 a6 6. g3 b6 7. Bg2 Bb7 8. O-O
e6 9. Ne5 c6 10. Qf3 Qc7 11. Re1 Be7 12. g4 O-O 13. g5 Nfd7 14. Ng4 Ra7 15. Qh3
Re8 16. Be4 Nf8 17. Qf3 Bd6 18. h4 c5 19. Bxb7 Qxb7 20. Ne4 Rc8 21. Be3 Nbd7
22. Rad1 Bb8 23. h5 cxd4 24. Bxd4 e5 25. Bc3 Qc6 26. h6 Ng6 27. Rxd7 Rxd7 28.
Nef6+ gxf6 29. Nxf6+ Kf8 30. Qxc6 1-0

[Event "4. Wittelsbacher Weihnachts-Schach-Open"]
[Site "Kelheim"]
[Date "2015.12.26"]
[Round "4.4"]
[White "Blodig, Constantin"]
[Black "Lechermann, Markus"]
[Result "1-0"]
[WhiteElo "2037"]
[BlackElo "2043"]
[PlyCount "73"]
[EventDate "2015.??.??"]
[WhiteTeam "SK Kelheim"]
[BlackTeam "MTV Ingolstadt"]

1. e4 c5 2. Nc3 e6 3. g3 Nc6 4. Bg2 d6 5. d3 g6 6. f4 Bg7 7. Nf3 Nge7 8. O-O
O-O 9. Be3 Nd4 10. e5 Nef5 11. Bf2 d5 12. g4 Nxf3+ 13. Qxf3 Nd4 14. Qd1 g5 15.
Ne2 Nxe2+ 16. Qxe2 b6 17. c3 gxf4 18. d4 cxd4 19. cxd4 Bd7 20. Be1 a5 21. Rxf4
Rc8 22. g5 Qc7 23. Bc3 b5 24. a3 Qc4 25. Qd1 Qc7 26. Qh5 Rfe8 27. Bf1 Re7 28.
Bd3 Qb6 29. Raf1 Be8 30. Qxh7+ Kf8 31. g6 Rcc7 32. Kh1 b4 33. axb4 axb4 34. Bd2
Qa5 35. Rf6 Bb5 36. Bh6 Bxd3 37. Qh8# 1-0

[Event "4. Wittelsbacher Weihnachts-Schach-Open"]
[Site "Kelheim"]
[Date "2015.12.26"]
[Round "4.5"]
[White "Goderbauer, Benedikt"]
[Black "Kranzl, Julian"]
[Result "1-0"]
[WhiteElo "1971"]
[BlackElo "1929"]
[PlyCount "61"]
[EventDate "2015.??.??"]
[WhiteTeam "SC Moosburg"]
[BlackTeam "Hohenems"]

1. d4 Nf6 2. c4 e6 3. g3 Bb4+ 4. Bd2 Bxd2+ 5. Nxd2 d6 6. Bg2 O-O 7. e3 c5 8.
Ne2 Qc7 9. O-O Bd7 10. Nc3 cxd4 11. exd4 Bc6 12. d5 exd5 13. cxd5 Bd7 14. Nce4
Nxe4 15. Nxe4 Na6 16. Ng5 h6 17. Ne4 Bf5 18. Rc1 Qd7 19. a3 Rfe8 20. Qd4 Bxe4
21. Bxe4 Nc5 22. Bc2 a5 23. b4 axb4 24. axb4 Na6 25. Ra1 Nc7 26. f4 Qb5 27. Be4
Rxa1 28. Rxa1 Na6 29. Rb1 Qe2 30. Bd3 Qd2 31. Bh7+ 1-0

[Event "4. Wittelsbacher Weihnachts-Schach-Open"]
[Site "Kelheim"]
[Date "2015.12.26"]
[Round "4.6"]
[White "Seitner, Ralf"]
[Black "Glück, Ulrich"]
[Result "1-0"]
[WhiteElo "2057"]
[BlackElo "1713"]
[PlyCount "137"]
[EventDate "2015.??.??"]
[WhiteTeam "SK Ingolstadt"]
[BlackTeam "MSA Zugzwang"]

1. Nf3 Nf6 2. d4 d5 3. Bf4 Bf5 4. e3 c6 5. c4 Nh5 6. Nc3 Nxf4 7. exf4 Nd7 8.
cxd5 cxd5 9. Nxd5 e6 10. Nc3 Bb4 11. Bb5 a6 12. Bxd7+ Qxd7 13. O-O O-O 14. Qb3
Bd6 15. Ne5 Qc7 16. Rac1 Rac8 17. Ne2 Qb8 18. Nd7 Qa8 19. Rxc8 Qxc8 20. Nxf8
Kxf8 21. Rc1 Qd7 22. Qc4 Be4 23. Qc8+ Qxc8 24. Rxc8+ Ke7 25. Rc3 Bd5 26. a3 Kd7
27. f3 f5 28. Kf2 b5 29. Ke3 a5 30. Ng3 g6 31. Ne2 a4 32. h3 Bc4 33. Rxc4 bxc4
34. Nc3 Kc6 35. Nxa4 Be7 36. Nc3 Bd6 37. h4 h5 38. g3 Be7 39. Kd2 Bf6 40. Ne2
Kd5 41. Kc3 Bd8 42. b3 cxb3 43. Kxb3 Ba5 44. Ka4 Bb6 45. Kb5 Ba7 46. a4 Kd6 47.
Kc4 Bb6 48. Kb5 Ba7 49. a5 Kc7 50. Kc4 Kc6 51. Nc3 Bb8 52. Na4 Ba7 53. Nc5 Kd6
54. Nd3 Ke7 55. Ne5 Kd6 56. Nxg6 Kc6 57. Ne5+ Kc7 58. Nd3 Kc6 59. Ne1 Bb8 60.
Nc2 Bc7 61. Nb4+ Kb7 62. Kb5 Kc8 63. a6 Bd6 64. Nd3 Kb8 65. Nc5 Bxc5 66. Kxc5
Ka7 67. Kd6 Kxa6 68. Kxe6 Kb6 69. d5 1-0

[Event "4. Wittelsbacher Weihnachts-Schach-Open"]
[Site "Kelheim"]
[Date "2015.12.26"]
[Round "4.7"]
[White "Gruber, Johannes"]
[Black "Glawe, Ralf"]
[Result "0-1"]
[WhiteElo "1801"]
[BlackElo "1997"]
[PlyCount "54"]
[EventDate "2015.??.??"]
[WhiteTeam "SC Sinzing"]
[BlackTeam "MTV Ingolstadt"]

1. e4 c5 2. Nc3 e6 3. f4 a6 4. g3 d5 5. Nf3 Nc6 6. Bg2 Nf6 7. e5 Ng8 8. O-O Nh6
9. d3 Be7 10. Ne2 d4 11. Nd2 Bd7 12. a4 Nf5 13. Ne4 h5 14. Re1 Nb4 15. Bh3 Bc6
16. Bxf5 exf5 17. Nd6+ Bxd6 18. exd6 Kf8 19. Rf1 Qxd6 20. Rf2 Qd5 21. Kf1 Qh1+
22. Ng1 h4 23. g4 h3 24. g5 Bg2+ 25. Ke2 Re8+ 26. Kd2 Qxh2 27. Qf1 Qh1 0-1

[Event "4. Wittelsbacher Weihnachts-Schach-Open"]
[Site "Kelheim"]
[Date "2015.12.26"]
[Round "4.8"]
[White "Specht, Helmut"]
[Black "Kreuzer, Martin"]
[Result "0-1"]
[WhiteElo "1988"]
[BlackElo "2334"]
[PlyCount "120"]
[EventDate "2015.??.??"]
[WhiteTeam "TSV Mindelheim"]
[BlackTeam "SK Kelheim"]

1. e4 e5 2. Nc3 Nc6 3. Bc4 Nf6 4. a3 Nxe4 5. Nxe4 d5 6. Bd3 dxe4 7. Bxe4 Nd4 8.
c3 Ne6 9. Ne2 Nc5 10. O-O Nxe4 11. Qa4+ c6 12. Qxe4 Qd5 13. Qxd5 cxd5 14. d4 f6
15. Re1 Kf7 16. Be3 e4 17. Nf4 Be6 18. Nxe6 Kxe6 19. Bf4 g5 20. Bd2 h6 21. f3
f5 22. g4 Bg7 23. gxf5+ Kxf5 24. fxe4+ dxe4 25. Rf1+ Kg6 26. Rae1 Rhe8 27. h4
Re7 28. hxg5 hxg5 29. Kg2 Rae8 30. Be3 Rh8 31. Rf2 Ree8 32. Ref1 Ref8 33. Rxf8
Bxf8 34. d5 Bd6 35. Bd4 Rh2+ 36. Kg1 Kh5 37. Rf6 Bg3 38. d6 Rxb2 39. d7 Bc7 40.
Rf8 Ra2 41. d8=Q Bxd8 42. Rxd8 Rxa3 43. Re8 b5 44. Rxe4 a5 45. Re5 b4 46. c4
Rd3 47. Be3 a4 48. Bxg5 Kg4 49. Be7 b3 50. Rb5 Kf3 51. Ba3 Rd1+ 52. Kh2 Ra1 53.
Bd6 Rc1 54. c5 Rc2+ 55. Kh3 b2 56. c6 Rxc6 57. Rf5+ Ke4 58. Rf4+ Ke3 59. Rb4
Rxd6 60. Rxb2 Ra6 0-1

[Event "4. Wittelsbacher Weihnachts-Schach-Open"]
[Site "Kelheim"]
[Date "2015.12.26"]
[Round "4.9"]
[White "Eibl, Maximilian"]
[Black "Grasser, Martin"]
[Result "1-0"]
[WhiteElo "2170"]
[BlackElo "1902"]
[PlyCount "21"]
[EventDate "2015.??.??"]
[WhiteTeam "SK Kelheim"]
[BlackTeam "Regensburger Turnerschaft"]

1. e4 c5 2. Nf3 Nc6 3. Bb5 g6 4. O-O Bg7 5. c3 d6 6. d4 Bd7 7. Re1 Nf6 8. e5
dxe5 9. dxe5 Nxe5 10. Nxe5 Bxb5 11. Qb3 1-0

[Event "4. Wittelsbacher Weihnachts-Schach-Open"]
[Site "Kelheim"]
[Date "2015.12.26"]
[Round "4.10"]
[White "Schilay, Lorenz"]
[Black "Amtmann, Florian"]
[Result "1/2-1/2"]
[WhiteElo "1760"]
[BlackElo "2139"]
[PlyCount "103"]
[EventDate "2015.??.??"]
[WhiteTeam "SK Neumarkt"]
[BlackTeam "Spvgg Stetten"]

1. e4 c5 2. Nc3 a6 3. f4 e6 4. Nf3 d5 5. exd5 exd5 6. d3 Nf6 7. a4 Be7 8. Be2
O-O 9. O-O Nc6 10. Bd2 Bd6 11. Re1 Qc7 12. g3 Re8 13. Bf1 Bf5 14. Nh4 Rxe1 15.
Bxe1 Bd7 16. Bg2 d4 17. Nd5 Nxd5 18. Bxd5 Ne7 19. Bg2 Re8 20. Bf2 Bc6 21. Bxc6
Qxc6 22. Qf3 Qxf3 23. Nxf3 Nd5 24. Re1 Rxe1+ 25. Nxe1 Bc7 26. Nf3 Nb4 27. Ne1
Bd6 28. Kg2 f5 29. Kf3 Kf7 30. Ke2 Ke6 31. c3 dxc3 32. bxc3 Nd5 33. Kd2 Nb6 34.
a5 Nd7 35. Nf3 h6 36. d4 c4 37. Ne5 Nxe5 38. dxe5 Bc7 39. Bb6 Bxb6 40. axb6 Kd5
41. Kc2 Kc6 42. Kb2 Kxb6 43. Ka3 Kb5 44. h4 h5 45. Kb2 Kc5 46. Ka3 b5 47. Kb2
a5 48. Ka3 b4+ 49. cxb4+ axb4+ 50. Kb2 c3+ 51. Kb3 Kd5 52. Kc2 1/2-1/2

[Event "4. Wittelsbacher Weihnachts-Schach-Open"]
[Site "Kelheim"]
[Date "2015.12.26"]
[Round "4.11"]
[White "Braun, Michael"]
[Black "Kaiser, Dominik"]
[Result "1-0"]
[WhiteElo "2041"]
[BlackElo "1906"]
[PlyCount "37"]
[EventDate "2015.??.??"]
[WhiteTeam "SG Büchenbach/Roth"]
[BlackTeam "TSV Kareth-Lappersdorf"]

1. d4 Nf6 2. Nf3 e6 3. c4 d5 4. e3 c5 5. cxd5 Nxd5 6. Bd2 Nc6 7. Nc3 cxd4 8.
exd4 Be7 9. Bb5 O-O 10. O-O Bf6 11. Be3 Qd6 12. Ne4 Qb4 13. Nxf6+ gxf6 14. Bxc6
bxc6 15. Bh6 Re8 16. Ne5 Ne7 17. Nxc6 Qb7 18. Nxe7+ Kh8 19. Qg4 1-0

[Event "4. Wittelsbacher Weihnachts-Schach-Open"]
[Site "Kelheim"]
[Date "2015.12.26"]
[Round "4.12"]
[White "Blodig, Reinhard"]
[Black "Doleschal, Johannes"]
[Result "1-0"]
[WhiteElo "2155"]
[BlackElo "1968"]
[PlyCount "59"]
[EventDate "2015.??.??"]
[WhiteTeam "TV Riedenburg"]
[BlackTeam "TSV Kirchenlaibach"]

1. g3 c5 2. Bg2 d5 3. Nf3 Nc6 4. d4 cxd4 5. Nxd4 Nf6 6. O-O e6 7. c4 Qb6 8.
Nxc6 bxc6 9. Nc3 Be7 10. Qc2 O-O 11. Be3 Qc7 12. Rfc1 Qd7 13. cxd5 cxd5 14. Na4
Ba6 15. Nc5 Bxc5 16. Bxc5 Rfc8 17. b4 Rc7 18. Qb2 Bb5 19. Bd4 Ne8 20. Rxc7 Qxc7
21. a4 Bc4 22. b5 f6 23. a5 Qb7 24. b6 axb6 25. Bxb6 Nd6 26. Qd4 Qd7 27. e4
dxe4 28. Bc5 Nb7 29. Qxc4 Rc8 30. a6 1-0

[Event "4. Wittelsbacher Weihnachts-Schach-Open"]
[Site "Kelheim"]
[Date "2015.12.26"]
[Round "4.13"]
[White "Latzel, Wolfgang"]
[Black "Maurer, Heinrich"]
[Result "0-1"]
[WhiteElo "1943"]
[BlackElo "2099"]
[PlyCount "42"]
[EventDate "2015.??.??"]
[WhiteTeam "SK Landshut"]
[BlackTeam "SK Kelheim"]

1. e4 c5 2. Nf3 e6 3. d4 cxd4 4. Nxd4 Nc6 5. Nc3 Qc7 6. a3 a6 7. Be3 Nf6 8.
Nxc6 bxc6 9. Bd3 d5 10. f4 e5 11. exd5 cxd5 12. Bf2 e4 13. Be2 Bb7 14. O-O Bc5
15. Bd4 Qb6 16. Bxc5 Qxc5+ 17. Kh1 O-O 18. Qd2 d4 19. Na2 Rac8 20. Rac1 a5 21.
b4 Qd5 0-1